01167cam a22003254i 45000010005000000030006000050050017000110080041000280100017000690200035000860200024001210400023001450500017001680820013001851000042001982450065002402600035003053000048003403360026003883370028004143380027004424900049004695000020005185050007005385200124005455210019006695210018006886000056007066550079007627217FISKH20250703085752.0140416s2015 nyua j 001 0deng  a 2014014732 a9780531219782qlibrary binding a9780531225394qpbk. aDLCbengerdacDLC aND653.G7 V46 a759.94921 aVenezia, Mike,eauthor,eillustrator.10aVincent van Gogh /cwritten and illustrated by Mike Venezia. aNew York :bScholastic,c2015. a32 pages :bcolored illustrations ;c25 cm. atextbtxt2rdacontent aunmediatedbn2rdamedia avolumebnc2rdacarrier0 aGetting to know the world's greatest artists aIncludes index. aP  aBriefly examines the life and work of the nineteenth-century Dutchman who was one of the greatest artists of all time. 8 a620 bLexile 8 aP bRaz-Plus 10aGogh, Vincent van,d1853-1890vJuvenile literature. 7aLiterature.2lcgft0https://id.loc.gov/authorities/genreForms/gf2014026415